| 000 | 00465nam a22001217a 4500 | ||
|---|---|---|---|
| 008 | 160210b xxu||||| |||| 00| 0 eng d | ||
| 020 | _a1420084696 | ||
| 100 | _aEdited by philip Wexler,Rav Agarwal | ||
| 245 |
_aChemicals, Environment,Health _bA Global Management Perspective _cEdited by philip Wexler,Jan van der Kolk Asish Mohapatrra,Ravi Agarwal |
||
| 260 |
_aUSA _bTaylor &Francis Group _c2012 |
||
| 300 | _axxiv,820p. | ||
| 942 |
_2lcc _cBK _hRA 1226 _k.C44C.1 |
||
| 999 |
_c15629 _d15629 |
||